Red List of Threatened Vascular Plant Species in India/ (Record no. 211563)

MARC details
000 -LEADER
fixed length control field 00498nam a22001577a 4500
005 - DATE AND TIME OF LATEST TRANSACTION
control field 20250604115745.0
010 ## - LCCN (DPL NO)
LC control number ENG-145170
020 ## - INTERNATIONAL STANDARD BOOK NUMBER
Terms of availability 100.00
International Standard Book Number 818177003x
035 ## - SYSTEM CONTROL NUMBER
System control number EN-128702
037 ## - SOURCE OF ACQUISITION
Source of stock number/acquisition DBAD
082 ## - DEWEY DECIMAL CLASSIFICATION NUMBER
Classification number 580
245 ## - TITLE STATEMENT
Title Red List of Threatened Vascular Plant Species in India/
Statement of responsibility, etc Ministry of Environment & Forests
260 ## - PUBLICATION, DISTRIBUTION, ETC. (IMPRINT)
Place of publication, distribution, etc New Delhi
Name of publisher, distributor, etc Ministry of Environment & Forests Government of india
Date of publication, distribution, etc 1994
300 ## - PHYSICAL DESCRIPTION
Extent 144p.
Dimensions 22cm.(pb)
942 ## - ADDED ENTRY ELEMENTS (KOHA)
Source of classification or shelving scheme Dewey Decimal Classification
Item type English Books
Classification part 580
Call number suffix RED
Holdings
Withdrawn status Lost status Not for loan Collection code Home library Current library Date acquired Source of acquisition Cost, normal purchase price Full call number Barcode Copy number Cost, replacement price Koha item type
      Non-fiction RC3 Shakur Pur RC3 Shakur Pur 04/06/2025 Delivery of Books Act Division 100.00 580 RED EN-128702 1 100.00 English Books

© Delhi Public Library
Hit Counter
free hit counter